Cinema of Bimal Roy: An 'outsider' within (Record no. 314004)
[ view plain ]
| 000 -LEADER | |
|---|---|
| fixed length control field | 00547nam a22002057a 4500 |
| 005 - DATE & TIME | |
| control field | 20240130120903.0 |
| 008 - FIXED-LENGTH DATA ELEMENTS--GENERAL INFORMATION | |
| fixed length control field | 240130b |||||||| |||| 00| 0 eng d |
| 020 ## - ISBN | |
| International Standard Book Number | 9789386062864 |
| Price | Rs. 445.00 |
| 040 ## - CATALOGING SOURCE | |
| Original cataloging agency | VIVEKANANDA LIBRARY |
| 082 ## - DDC NUMBER | |
| Classification number | 791.430954 |
| Book Number | C392C |
| 100 ## - MAIN ENTRY--PERSONAL NAME | |
| Personal name | Chatterji, Shoma A |
| 245 ## - TITLE STATEMENT | |
| Title | Cinema of Bimal Roy: An 'outsider' within |
| 260 ## - PUBLICATION, DISTRIBUTION, ETC. (IMPRINT) | |
| Place of publication, distribution, etc | New Delhi |
| Name of publisher, distributor, etc | Sagev Publications India |
| Date of publication, distribution, etc | 2017 |
| 300 ## - PHYSICAL DESCRIPTION | |
| Pages | xvi, 239 |
| 650 ## - Subject | |
| Subject | Cinema- India |
| 650 ## - Subject | |
| Subject | India-Cinema |
| 650 ## - Subject | |
| Subject | Indian Cinema |
| 650 ## - Subject | |
| Subject | Roy, Bimal |
| 942 ## - ADDED ENTRY ELEMENTS (KOHA) | |
| Koha item type | Books |
| Withdrawn status | Lost status | Source of classification or shelving scheme | Damaged status | Not for loan | Location (home branch) | Sublocation or collection (holding branch) | Date acquired | Koha issues (times borrowed) | Koha full call number | Accession No. | Koha date last seen | Koha item type |
|---|---|---|---|---|---|---|---|---|---|---|---|---|
| Dewey Decimal Classification | VIVEKANANDA LIBRARY | VIVEKANANDA LIBRARY | 30/01/2024 | 791.430954 C392C | 404527 | 30/01/2024 | Books |
